| 000 | 00753nam a22002057a 4500 | ||
|---|---|---|---|
| 003 | JO-AjAnu | ||
| 005 | 20231203090052.0 | ||
| 008 | 231203b jo ||||| |||| 00| 0 ara d | ||
| 040 |
_aJO-AjAnu _bARA _cJO-AjAnu |
||
| 041 | _aARA | ||
| 050 |
_aHF5689 _aS22 _a1994 |
||
| 100 | 1 |
_aسعادة، يوسف _930822 _eمؤلف |
|
| 245 | 0 | 1 |
_aدراسات في المحاسبة المالية _cيوسف سعادة، عبدالكريم زواتي |
| 250 | _aالطبعة الاولى | ||
| 260 |
_aعمان : _bدار الفكر لنشر والتوزيع، _c1994 |
||
| 300 | _a395صفحة | ||
| 650 | 7 | 0 |
_aالمحاسبة المالية - دراسات _964602 |
| 700 | 1 |
_aزواتي، عبد الكريم _964603 _eمؤلف مشارك |
|
| 942 |
_2lcc _cBK _n0 |
||
| 999 |
_c33233 _d33233 |
||